[Event "Indonesia Open 2013"]
[Site "Jakarta INA"]
[Date "2013.10.10"]
[Round "1.52"]
[White "Purnama, Tirta Chandra"]
[Black "Capitelli, Paolo"]
[Result "1-0"]
[WhiteTitle "IM"]
[WhiteElo "2382"]
[BlackElo "2089"]
[WhiteFideId "7101422"]
[BlackFideId "809330"]
[EventDate "2013.10.10"]

1. d4 Nf6 2. c4 g6 3. Nc3 Bg7 4. Nf3 d6 5. g3 O-O 6. Bg2 Nc6 7. O-O Bg4 8. d5
Na5 9. Nd2 c5 10. h3 Bd7 11. Qc2 a6 12. Rb1 b5 13. b3 Rb8 14. Bb2 Qc7 15. cxb5
axb5 16. Rfc1 b4 17. Nd1 Qc8 18. Kh2 Qa6 19. Ne4 Nxe4 20. Bxe4 Bb5 21. Bxg7 Kxg7
22. Bf3 Kg8 23. Ne3 f5 24. h4 Rbc8 25. Ng2 c4 26. bxc4 Rxc4 27. Qb2 Rfc8 28.
Rxc4 Nxc4 29. Qxb4 Rc5 30. Nf4 1-0

[Event "Indonesia Open 2013"]
[Site "Jakarta INA"]
[Date "2013.10.10"]
[Round "1.53"]
[White "Brokko, Margit"]
[Black "Wahono, Awam"]
[Result "0-1"]
[WhiteTitle "WFM"]
[BlackTitle "IM"]
[WhiteElo "2073"]
[BlackElo "2376"]
[WhiteFideId "4501098"]
[BlackFideId "7100760"]
[EventDate "2013.10.10"]

1. e4 g6 2. Nc3 Bg7 3. g3 c5 4. Bg2 Nc6 5. d3 Rb8 6. Be3 Nd4 7. Qd2 d6 8. Nd1 e5
9. c3 Nc6 10. Ne2 Nf6 11. h3 O-O 12. O-O b6 13. Bh6 d5 14. Bxg7 Kxg7 15. exd5
Nxd5 16. Ne3 Be6 17. f4 Nxe3 18. Qxe3 Bd5 19. f5 f6 20. Rf2 Bxg2 21. Rxg2 gxf5
22. Rf1 Qd7 23. Qf3 Rbd8 24. Qh5 Qxd3 25. Rxf5 Ne7 26. Rf1 Qe3+ 27. Kh2 Rd2 28.
Qg4+ Ng6 29. h4 Kh8 30. h5 Ne7 31. Qe6 Ng8 32. Ng1 Rxg2+ 33. Kxg2 Qe4+ 34. Nf3
Rd8 35. Rf2 Rd3 36. Qf7 Qe3 37. Qxa7 e4 0-1

[Event "Indonesia Open 2013"]
[Site "Jakarta INA"]
[Date "2013.10.10"]
[Round "1.54"]
[White "Batchimeg, Tuvshintugs"]
[Black "Lim, Kian Hwa"]
[Result "1-0"]
[WhiteTitle "WGM"]
[WhiteElo "2376"]
[BlackElo "1902"]
[WhiteFideId "4900839"]
[BlackFideId "5700744"]
[EventDate "2013.10.10"]

1. d4 d5 2. c4 e6 3. Nc3 Nf6 4. Bf4 c6 5. e3 Nbd7 6. Nf3 Be7 7. cxd5 Nxd5 8. Bg3
N7f6 9. Bd3 Qa5 10. Qb3 Qb6 11. Qxb6 axb6 12. e4 Nb4 13. Bb1 O-O 14. O-O b5 15.
h3 Bd7 16. a3 Na6 17. Bh4 Rfe8 18. Ne5 Rad8 19. b4 Nh5 20. Bxe7 Rxe7 21. Ba2 Be8
22. Rad1 Nf4 23. Nf3 Nc7 24. g3 Nh5 25. Ne5 Ra8 26. Nb1 Na6 27. Bb3 Nc7 28. Rd2
Rd8 29. Rfd1 f6 30. Ng4 Bf7 31. Ne3 Red7 32. Nc3 Ra8 33. Nc2 Rad8 34. Ne3 Kf8
35. Kg2 e5 36. d5 Na6 37. Rd3 Nc7 1-0

[Event "Indonesia Open 2013"]
[Site "Jakarta INA"]
[Date "2013.10.11"]
[Round "2.1"]
[White "Moiseenko, Alexander"]
[Black "Cao, Sang"]
[Result "1-0"]
[WhiteTitle "GM"]
[BlackTitle "GM"]
[WhiteElo "2703"]
[BlackElo "2485"]
[WhiteFideId "14102560"]
[BlackFideId "725056"]
[EventDate "2013.10.10"]

1. d4 Nf6 2. c4 e6 3. Nf3 d5 4. Nc3 Bb4 5. Bg5 h6 6. Bxf6 Qxf6 7. Qa4+ Nc6 8. e3
O-O 9. Be2 dxc4 10. Bxc4 e5 11. O-O Bd6 12. d5 Ne7 13. Bd3 Nf5 14. Rac1 Qe7 15.
Ne4 g6 16. Rc3 Ng7 17. Rfc1 f5 18. Nxd6 cxd6 19. Rc7 Qf6 20. Bf1 g5 21. Nd2 g4
22. g3 Qd8 23. Bb5 Rf7 24. Rxf7 Kxf7 25. Qc2 Bd7 26. Qc7 Ke7 27. Qxb7 Rb8 28.
Qxd7+ Qxd7 29. Bxd7 Kxd7 30. b3 e4 31. Rc6 Rb5 32. Ra6 Ne8 33. Rxa7+ Kd8 34. Rf7
Rxd5 35. Nc4 Nc7 36. Kf1 Nb5 37. a4 Nc3 38. Kg2 Ne2 39. h3 Ke8 40. Rxf5 Rd1 41.
hxg4 Nc1 42. a5 d5 43. Nb6 Nd3 44. Nxd5 Ne1+ 45. Kh3 Nf3 46. Nf6+ 1-0

[Event "Indonesia Open 2013"]
[Site "Jakarta INA"]
[Date "2013.10.11"]
[Round "2.2"]
[White "Nolte, Rolando"]
[Black "Short, Nigel D"]
[Result "0-1"]
[WhiteTitle "IM"]
[BlackTitle "GM"]
[WhiteElo "2447"]
[BlackElo "2684"]
[WhiteFideId "5200636"]
[BlackFideId "400025"]
[EventDate "2013.10.10"]

1. e4 e5 2. Nf3 Nc6 3. Bb5 Nge7 4. Nc3 g6 5. d4 exd4 6. Nd5 Bg7 7. Bg5 h6 8. Bf6
Bxf6 9. Nxf6+ Kf8 10. O-O Kg7 11. Nd5 Re8 12. Re1 Ng8 13. Nxd4 a6 14. Bf1 d6 15.
Qd2 Nf6 16. Qc3 Nxd4 17. Qxd4 Be6 18. Nf4 Bd7 19. Re3 c5 20. Qc3 b5 21. e5 dxe5
22. Rxe5 Rxe5 23. Qxe5 Qb8 24. Qxb8 Rxb8 25. Rd1 Bf5 26. c3 g5 27. Ne2 a5 28.
Ng3 Be6 29. a3 h5 30. Be2 h4 31. Nf1 b4 32. cxb4 cxb4 33. axb4 Rxb4 34. Rd2 Nd5
35. Ne3 Nb6 36. h3 f5 37. Nd1 Kf6 38. Nc3 Ke5 39. Kf1 g4 40. hxg4 fxg4 41. Kg1
Na4 42. Nxa4 Rxa4 43. Bd1 Ra1 44. Kh2 a4 45. Rd8 Bf5 46. Re8+ Kd6 47. Rf8 Bd7
48. Be2 Ra2 49. Ra8 Bc6 50. Rf8 Bd7 51. Ra8 Ke5 52. Bd1 h3 53. gxh3 gxh3 54. Kg3
Ra1 55. Bxa4 Rg1+ 56. Kh2 Rg2+ 57. Kh1 Be6 58. Ra5+ Kd4 59. Ra6 Bd5 60. Bc6 Rg6+
61. Bxd5 Rxa6 62. Bf3 Rf6 63. Bg4 Rxf2 64. Bxh3 Ke3 65. Bg2 Kf4 66. Kh2 Kg4 67.
b4 Rb2 68. b5 Rxb5 69. Bh3+ Kf3 70. Bd7 Rb6 71. Kg1 Rg6+ 72. Kh2 Rg3 73. Bc8 Kf2
74. Bb7 Rg7 0-1

[Event "Indonesia Open 2013"]
[Site "Jakarta INA"]
[Date "2013.10.11"]
[Round "2.4"]
[White "Hossain, Enamul"]
[Black "Iturrizaga, Eduardo"]
[Result "1/2-1/2"]
[WhiteTitle "GM"]
[BlackTitle "GM"]
[WhiteElo "2445"]
[BlackElo "2658"]
[WhiteFideId "10200649"]
[BlackFideId "3901211"]
[EventDate "2013.10.10"]

1. e4 c5 2. Nf3 Nc6 3. d4 cxd4 4. Nxd4 g6 5. c4 Bg7 6. Be3 Nf6 7. Nc3 O-O 8. Be2
d6 9. O-O Bd7 10. Qd2 Nxd4 11. Bxd4 Bc6 12. f3 a5 13. b3 Nd7 14. Be3 Nc5 15.
Rac1 Be5 16. Rfd1 b6 17. Bg5 f6 18. Be3 g5 19. Nb5 Kh8 20. Rb1 Qd7 21. Nd4 Bb7
22. h3 Rfb8 23. Qc2 Rc8 24. Qd2 Rcb8 25. Qc2 Rc8 26. Qd2 1/2-1/2

[Event "Indonesia Open 2013"]
[Site "Jakarta INA"]
[Date "2013.10.11"]
[Round "2.6"]
[White "Cherniaev, Alexander"]
[Black "Sokolov, Ivan"]
[Result "1/2-1/2"]
[WhiteTitle "GM"]
[BlackTitle "GM"]
[WhiteElo "2415"]
[BlackElo "2636"]
[WhiteFideId "4117301"]
[BlackFideId "14400030"]
[EventDate "2013.10.10"]

1. Nf3 d5 2. d4 c6 3. g3 Bf5 4. Bg2 e6 5. O-O Nd7 6. c4 dxc4 7. Nbd2 Nb6 8. e4
Bg6 9. Qe2 Nf6 10. Rd1 Bb4 11. Ne5 c3 12. Nf1 Na4 13. Qc2 Nxb2 14. Bxb2 cxb2 15.
Qxb2 Qe7 16. Nxg6 hxg6 17. Rdb1 Ba5 18. Qxb7 Qxb7 19. Rxb7 Bb6 20. Rc1 Bxd4 21.
Rxc6 Ng4 22. Rc2 O-O 23. Bf3 Ne5 24. Kg2 Rac8 25. Rbc7 Rxc7 26. Rxc7 Rb8 27. Bd1
Rb1 28. Bb3 Nd3 29. Rd7 Ne1+ 30. Kh3 Bxf2 31. Nd2 Rc1 32. Nc4 Bb6 33. Ne5 Rc7
34. Rxf7 Rc5 35. Rf1 Rxe5 36. Rxe1 Kf7 37. Kg4 1/2-1/2

[Event "Indonesia Open 2013"]
[Site "Jakarta INA"]
[Date "2013.10.11"]
[Round "2.7"]
[White "Ivanisevic, Ivan"]
[Black "Bitoon, Richard"]
[Result "1-0"]
[WhiteTitle "GM"]
[BlackTitle "GM"]
[WhiteElo "2632"]
[BlackElo "2407"]
[WhiteFideId "912417"]
[BlackFideId "5201110"]
[EventDate "2013.10.10"]

1. e4 c5 2. Nc3 d6 3. f4 Nc6 4. Nf3 g6 5. Bb5 Bd7 6. Bc4 Bg7 7. O-O Na5 8. Be2
Nc6 9. d3 Nf6 10. Qe1 O-O 11. Qh4 e6 12. f5 Nd4 13. Bg5 Bc6 14. Nxd4 cxd4 15.
Nd1 exf5 16. exf5 Qe7 17. Bf3 Bxf3 18. Rxf3 Qe5 19. Nf2 Rac8 20. c3 dxc3 21.
bxc3 Rfe8 22. Rf1 gxf5 23. Rg3 Re6 24. d4 Qxg3 25. Qxg3 Nd5 26. Bd2 f4 27. Qf3
Ne3 28. Re1 Rg6 29. Bxe3 1-0

[Event "Indonesia Open 2013"]
[Site "Jakarta INA"]
[Date "2013.10.11"]
[Round "2.8"]
[White "Vazquez Igarza, Renier"]
[Black "Munkhgal, Gombosuren"]
[Result "1-0"]
[WhiteTitle "GM"]
[BlackTitle "IM"]
[WhiteElo "2602"]
[BlackElo "2400"]
[WhiteFideId "3503054"]
[BlackFideId "4901266"]
[EventDate "2013.10.10"]

1. d4 Nf6 2. c4 e6 3. Nf3 d5 4. Nc3 Bb4 5. cxd5 exd5 6. Bg5 Nbd7 7. e3 c5 8.
dxc5 Qa5 9. Rc1 O-O 10. Nd2 Ne4 11. Ncxe4 dxe4 12. a3 Bxc5 13. Bf4 Be7 14. Be2
Nb6 15. Bc7 Be6 16. O-O Qf5 17. Qc2 Rac8 18. Qxe4 Bf6 19. Qb4 Nd5 20. e4 Nxb4
21. exf5 Na2 22. fxe6 Nxc1 23. Rxc1 fxe6 24. Ne4 Bxb2 25. Rb1 Bxa3 26. Rxb7 Rf7
27. Rxa7 Bb2 28. Bb6 Rxa7 29. Bxa7 Rc1+ 30. Bf1 Re1 31. Ng5 e5 32. Be3 h6 33.
Nf3 Ra1 34. g3 Kf7 35. Kg2 Kf6 36. Bd3 Ra4 37. Nd2 Bd4 38. Ne4+ Kf7 39. Bd2 Ke6
40. Bc2 Ra3 41. Bb4 Ra1 42. Kf3 Kf7 43. h4 g6 44. Bb3+ Kg7 45. Be7 Ra6 46. g4
Rb6 47. Bd5 Ra6 48. Ke2 Ra5 49. Bf6+ Kh7 50. Bc4 Ra4 51. Bb3 Ra3 52. Bc2 Ra2 53.
Kd2 Ra3 54. Be7 Ra7 55. Bd6 Kg7 56. Kd3 Ra1 57. f4 Ra5 58. f5 gxf5 59. gxf5 Ra1
60. Bb3 Rf1 61. Be6 Rf3+ 62. Kc4 Rf4 63. Kd5 h5 64. Be7 Bb2 65. Bf6+ Kf8 66. Bg5
Rf1 67. Bh6+ Ke8 68. f6 Rd1+ 69. Kc6 Rc1+ 70. Bxc1 Bxc1 71. Kd5 Bf4 72. Ng5 Kd8
73. Nf7+ Ke8 74. Nxe5 Bh6 75. Ng6 Kd8 76. f7 1-0

[Event "Indonesia Open 2013"]
[Site "Jakarta INA"]
[Date "2013.10.11"]
[Round "2.9"]
[White "Irwanto, Sadikin"]
[Black "Gupta, Abhijeet"]
[Result "1/2-1/2"]
[WhiteTitle "IM"]
[BlackTitle "GM"]
[WhiteElo "2407"]
[BlackElo "2593"]
[WhiteFideId "7100590"]
[BlackFideId "5010608"]
[EventDate "2013.10.10"]

1. d4 Nf6 2. c4 g6 3. Nc3 d5 4. Nf3 Bg7 5. cxd5 Nxd5 6. e4 Nxc3 7. bxc3 c5 8.
Rb1 O-O 9. Be2 b6 10. O-O Qc7 11. Bg5 Nc6 12. Qd2 Bg4 13. d5 Ne5 14. Nxe5 Bxe2
15. Nxg6 hxg6 16. Qxe2 Bxc3 17. Be3 Bg7 18. Qc4 Rfe8 19. Rfd1 Rad8 20. a4 e6 21.
g3 exd5 22. Rxd5 Rxd5 23. exd5 Qd7 24. Rd1 Bf6 25. a5 bxa5 26. Qxc5 a4 27. d6
Rd8 28. Rd3 Bb2 29. Bg5 f6 30. Bc1 Be5 31. Ba3 1/2-1/2

[Event "Indonesia Open 2013"]
[Site "Jakarta INA"]
[Date "2013.10.11"]
[Round "2.10"]
[White "Ehlvest, Jaan"]
[Black "Fernandez, Daniel Howard"]
[Result "1-0"]
[WhiteTitle "GM"]
[BlackTitle "IM"]
[WhiteElo "2578"]
[BlackElo "2389"]
[WhiteFideId "4500016"]
[BlackFideId "5801605"]
[EventDate "2013.10.10"]

1. d4 Nf6 2. c4 e6 3. Nf3 d5 4. Bg5 Be7 5. Nc3 O-O 6. e3 h6 7. Bh4 Nbd7 8. Rc1
b6 9. cxd5 exd5 10. Qa4 a6 11. Be2 Bb7 12. O-O Ne4 13. Bxe7 Qxe7 14. Rfd1 Rfc8
15. Qb3 Nef6 16. Ne1 a5 17. Bf3 c6 18. Nd3 Ba6 19. Nf4 Qd6 20. Qc2 Re8 21. g3
Rac8 22. Qf5 Rc7 23. h4 Nf8 24. Qc2 Ne6 25. Ng2 g6 26. a3 Kg7 27. Be2 Bxe2 28.
Qxe2 h5 29. Qf3 Ra7 30. e4 dxe4 31. Qxf6+ Kxf6 32. Nxe4+ Ke7 33. Nxd6 Kxd6 34.
Ne3 a4 35. Nc4+ Kc7 36. d5 Nc5 37. d6+ Kb7 38. Re1 Raa8 39. Ne5 Rf8 40. Rcd1
Rad8 41. Kg2 Nd7 42. Nf3 Nf6 43. Re7+ Rd7 44. Rde1 c5 45. Ne5 Rxe7 46. dxe7 Re8
47. Nxf7 Kc7 48. Re6 Nd5 49. Nd6 Rxe7 50. Nb5+ Kb7 51. Rxg6 Re2 52. Nc3 Nxc3 53.
bxc3 Ra2 54. g4 hxg4 55. h5 Rd2 56. h6 Rd8 57. Kg3 b5 58. Rxg4 Rh8 59. Rh4 Kc6
60. Kg4 b4 61. cxb4 cxb4 62. axb4 a3 63. Kh5 Kb5 64. Kg6 a2 65. Rh1 Kxb4 66. h7
Ra8 67. f4 Kc5 68. f5 Rb8 69. Ra1 1-0

[Event "Indonesia Open 2013"]
[Site "Jakarta INA"]
[Date "2013.10.11"]
[Round "2.11"]
[White "Karavade, Eesha"]
[Black "Grigoryan, Avetik"]
[Result "0-1"]
[WhiteTitle "IM"]
[BlackTitle "GM"]
[WhiteElo "2400"]
[BlackElo "2577"]
[WhiteFideId "5012600"]
[BlackFideId "13302191"]
[EventDate "2013.10.10"]

1. Nf3 d5 2. c4 c6 3. g3 Nf6 4. Bg2 dxc4 5. O-O Nbd7 6. a4 Nc5 7. Na3 Nb3 8. Rb1
Bf5 9. Nxc4 Bxb1 10. Qxb3 Be4 11. Qxb7 Qc8 12. Qb3 Bd5 13. d3 Rb8 14. Qc3 Qa6
15. Bf4 Rc8 16. Bh3 e6 17. Nfd2 c5 18. e4 Ba8 19. Be5 Be7 20. f4 O-O 21. f5 exf5
22. Bxf5 Rcd8 23. b3 Bb7 24. Rf3 Bc8 25. Bxc8 Qxc8 26. Nf1 Nh5 27. Nfe3 f6 28.
Nf5 Qd7 29. g4 fxe5 30. gxh5 Bf6 31. Rg3 Kh8 32. Kg2 Qe8 33. h6 g6 34. Nfe3 Kg8
35. Nd5 Bh4 36. Rg4 Qf7 37. Nf4 exf4 38. Rxh4 f3+ 39. Kf2 Rd4 40. Ne3 Qe7 41.
Rg4 Qe5 42. Rg3 Rxe4 43. Qxe5 Rxe5 44. Rxf3 Rxf3+ 45. Kxf3 Kf7 46. Kf4 Rh5 0-1

[Event "Indonesia Open 2013"]
[Site "Jakarta INA"]
[Date "2013.10.11"]
[Round "2.12"]
[White "Barus, Cerdas"]
[Black "Shyam, Sundar M."]
[Result "1/2-1/2"]
[WhiteTitle "GM"]
[BlackTitle "GM"]
[WhiteElo "2396"]
[BlackElo "2536"]
[WhiteFideId "7100094"]
[BlackFideId "5019141"]
[EventDate "2013.10.10"]

1. d4 Nf6 2. c4 g6 3. Nc3 Bg7 4. e4 d6 5. f3 O-O 6. Be3 Nc6 7. Nge2 a6 8. Qd2
Na5 9. Nc1 Nd7 10. Be2 c5 11. O-O cxd4 12. Bxd4 Ne5 13. Qd1 g5 14. Nd5 Naxc4 15.
b3 e6 16. bxc4 exd5 17. cxd5 f5 18. exf5 Bxf5 19. Nb3 Rc8 20. Rc1 Rxc1 21. Qxc1
Qe7 22. Qd2 Rc8 23. Rc1 Rxc1+ 24. Qxc1 h6 25. Bf2 Qd8 26. Nd4 Qc8 27. Qa3 Nf7
28. Nxf5 Qxf5 29. Qb3 b5 30. g3 Qe5 31. Bd3 Qa1+ 32. Kg2 Bd4 33. Qb1 Qxb1 34.
Bxb1 Bxf2 35. Kxf2 Kg7 36. Ke3 Kf6 37. Kd4 Ne5 38. Be4 1/2-1/2

[Event "Indonesia Open 2013"]
[Site "Jakarta INA"]
[Date "2013.10.11"]
[Round "2.13"]
[White "Farid, Firman Syah"]
[Black "Megaranto, Susanto"]
[Result "1/2-1/2"]
[WhiteTitle "IM"]
[BlackTitle "GM"]
[WhiteElo "2392"]
[BlackElo "2528"]
[WhiteFideId "7102526"]
[BlackFideId "7101384"]
[EventDate "2013.10.10"]

1. e4 e5 2. Nf3 Nc6 3. d4 exd4 4. Nxd4 Bc5 5. Be3 Qf6 6. Nb5 Bxe3 7. fxe3 Kd8 8.
N1c3 Nge7 9. Qd2 a6 10. Nd4 Ne5 11. O-O-O d6 12. Bd3 Be6 13. Rdf1 Qh6 14. Nf5
Nxf5 15. exf5 Bd7 16. Rf4 Re8 17. Be4 Bc6 18. Bxc6 Nxc6 19. Ne4 Ne5 20. Qd5 Kc8
21. h4 g6 22. Ng5 f6 23. Ne6 gxf5 24. Rd1 Qg6 25. Nxc7 Kxc7 26. Qxd6+ Kc8 27.
Rd5 Nc6 28. Qd7+ Kb8 29. Qd6+ Ka7 30. Qc5+ Kb8 31. Qd6+ Ka7 32. Qc5+ Kb8 1/2-1/2

[Event "Indonesia Open 2013"]
[Site "Jakarta INA"]
[Date "2013.10.11"]
[Round "2.14"]
[White "Pham, Le Thao Nguyen"]
[Black "Vaibhav, Suri"]
[Result "0-1"]
[WhiteTitle "IM"]
[BlackTitle "GM"]
[WhiteElo "2389"]
[BlackElo "2527"]
[WhiteFideId "12401226"]
[BlackFideId "5045185"]
[EventDate "2013.10.10"]

1. d4 Nf6 2. Bf4 d5 3. e3 e6 4. Nf3 c5 5. c3 Nc6 6. Nbd2 Bd6 7. Bg3 O-O 8. Bd3
b6 9. Ne5 Ne7 10. f4 Bb7 11. Bh4 Ne4 12. Bxe4 dxe4 13. Bxe7 Qxe7 14. O-O f6 15.
Ng4 Ba6 16. Re1 cxd4 17. Nxe4 Bc7 18. Ng3 f5 19. Qa4 fxg4 20. Qxa6 dxe3 21. Qe2
Bxf4 22. Qxg4 Bh6 23. Re2 Rf4 24. Qh5 Raf8 25. Rxe3 R4f5 26. Nxf5 Rxf5 27. Qh3
Qc5 28. Re1 Re5 29. Kf2 Bxe3+ 30. Rxe3 Rf5+ 31. Kg1 Qb5 32. Rf3 Qxb2 33. Rxf5
exf5 34. Qxf5 Qa1+ 35. Qf1 Qxa2 36. h3 Qd5 37. Kh1 h6 38. Qa6 Qd1+ 39. Kh2 Qd7
40. Kh1 Kf8 41. Qe2 Qd5 42. Qa6 Qd1+ 43. Kh2 Qd7 44. Kh1 Ke7 45. Qe2+ Kd8 46.
Qa6 Qe7 47. Qd3+ Kc8 48. Qc4+ Kd8 49. Qd3+ Qd7 50. Qa6 Qc7 51. Qd3+ Kc8 52. Qf5+
Kb8 53. Qf8+ Kb7 54. Qf3+ Ka6 55. Qd3+ b5 56. Qd4 g5 57. Qf6+ Qb6 58. Qf3 Qe6
59. Qd3 Kb6 60. Qd4+ Kb7 61. Qg7+ Ka6 62. Qd4 Qe1+ 63. Kh2 Qe7 64. Kh1 Qe1+ 65.
Kh2 Qe6 66. Kh1 Qc6 67. Qe3 Qc4 68. Qe5 Qf1+ 69. Kh2 Qf4+ 70. Qxf4 gxf4 71. h4
Kb6 72. g4 fxg3+ 73. Kxg3 a5 0-1

[Event "Indonesia Open 2013"]
[Site "Jakarta INA"]
[Date "2013.10.11"]
[Round "2.15"]
[White "Malakhatko, Vadim"]
[Black "Purnama, Tirta Chandra"]
[Result "1-0"]
[WhiteTitle "GM"]
[BlackTitle "IM"]
[WhiteElo "2519"]
[BlackElo "2382"]
[WhiteFideId "14104202"]
[BlackFideId "7101422"]
[EventDate "2013.10.10"]

1. d4 Nf6 2. c4 g6 3. Nc3 Bg7 4. e4 d6 5. Nf3 O-O 6. Be2 Na6 7. O-O e5 8. Be3 c6
9. d5 Ng4 10. Bg5 f6 11. Bh4 g5 12. Bg3 f5 13. exf5 Bxf5 14. Qd2 Bf6 15. dxc6
bxc6 16. Rad1 Be7 17. h3 Nh6 18. h4 Ng4 19. Nxg5 Nc5 20. b4 h6 21. bxc5 hxg5 22.
cxd6 Bf6 23. Bd3 Be6 24. h5 Bg7 25. Ne4 Rf4 26. Nc5 Bf7 27. Bxf4 gxf4 28. Bf5
Nh6 29. Ne6 Qh4 30. d7 Bf6 31. d8=Q+ Rxd8 32. Qxd8+ Bxd8 33. Rxd8+ Be8 34. Bg6 1-0

[Event "Indonesia Open 2013"]
[Site "Jakarta INA"]
[Date "2013.10.11"]
[Round "2.16"]
[White "Wahono, Awam"]
[Black "Gomez, John Paul"]
[Result "0-1"]
[WhiteTitle "IM"]
[BlackTitle "GM"]
[WhiteElo "2376"]
[BlackElo "2511"]
[WhiteFideId "7100760"]
[BlackFideId "5201381"]
[EventDate "2013.10.10"]

1. Nf3 Nf6 2. c4 e6 3. d4 b6 4. g3 Ba6 5. b3 Bb4+ 6. Bd2 Be7 7. Bg2 O-O 8. O-O
d5 9. Bc3 Bb7 10. Nbd2 Nbd7 11. Bb2 Rc8 12. cxd5 Bxd5 13. Qb1 c5 14. e4 Bb7 15.
Rd1 h6 16. dxc5 Nxc5 17. Nd4 a6 18. a4 Rc7 19. b4 Ncd7 20. b5 a5 21. h3 Qa8 22.
Ra2 Rd8 23. Ba1 Bb4 24. f3 Qb8 25. Kh2 Rcc8 26. N2b3 Ne5 27. Re2 g5 28. Nc6 Bxc6
29. bxc6 Nh5 30. Rf1 Rxc6 31. Rc2 Bd6 32. Rd2 Nc4 33. Rxd6 Qxd6 34. Qe1 Nd2 35.
Nxd2 Qxd2 36. Qb1 Nxg3 0-1

[Event "Indonesia Open 2013"]
[Site "Jakarta INA"]
[Date "2013.10.11"]
[Round "2.17"]
[White "Khusnutdinov, Rustam"]
[Black "Batchimeg, Tuvshintugs"]
[Result "1/2-1/2"]
[WhiteTitle "GM"]
[BlackTitle "WGM"]
[WhiteElo "2509"]
[BlackElo "2376"]
[WhiteFideId "13701703"]
[BlackFideId "4900839"]
[EventDate "2013.10.10"]

1. d4 d5 2. c4 dxc4 3. e4 e5 4. Nf3 exd4 5. Bxc4 Nc6 6. O-O Be6 7. Bb5 Bc5 8. b4
Bb6 9. a4 a6 10. Bxc6+ bxc6 11. a5 Ba7 12. Bb2 Qd6 13. Qc1 Ne7 14. Rd1 Rd8 15.
Bxd4 Bg4 16. Rd2 Bxf3 17. Bxa7 Qg6 18. Rxd8+ Kxd8 19. Qf1 Bxe4 20. Nc3 Nd5 21.
Nxe4 Qxe4 22. Qxa6 Re8 23. Qf1 Qxb4 24. a6 Kc8 25. Rb1 Qa4 26. Bc5 Nc3 27. Ra1
Qb5 28. Be3 Qxf1+ 29. Kxf1 Nd5 30. Bd4 g6 31. Rb1 Kd7 32. Bc5 Ra8 33. Ra1 Re8
34. Ra3 Rb8 35. Ke2 Nf4+ 36. Kf3 Ne6 37. Be3 f5 38. g4 fxg4+ 39. Kxg4 c5 40. Kf3
Ra8 41. Ke4 Kd6 42. h4 Re8 43. a7 Ra8 44. Ra4 Kc6 45. Ke5 Nd4 46. Kf6 Nf5 47.
Bg5 Kb7 48. h5 Rxa7 49. Rxa7+ Kxa7 50. hxg6 hxg6 51. Kxg6 Nd6 52. f4 c4 53. f5
c3 54. f6 Kb6 55. Bf4 c2 56. f7 Nxf7 57. Kxf7 Kc5 58. Ke6 Kd4 59. Kd7 c5 60. Kc6 1/2-1/2

[Event "Indonesia Open 2013"]
[Site "Jakarta INA"]
[Date "2013.10.11"]
[Round "2.18"]
[White "Novita, Anjas"]
[Black "Dao, Thien Hai"]
[Result "1-0"]
[WhiteTitle "FM"]
[BlackTitle "GM"]
[WhiteElo "2328"]
[BlackElo "2500"]
[WhiteFideId "7100949"]
[BlackFideId "12400084"]
[EventDate "2013.10.10"]

1. e4 e5 2. Nf3 Nf6 3. Nc3 Bb4 4. Bc4 d6 5. O-O O-O 6. Qe2 Nc6 7. a3 Bc5 8. Na4
Bb6 9. d3 Be6 10. c3 Qe8 11. Nxb6 axb6 12. Bb5 h6 13. Nh4 Nh7 14. Qf3 Nd4 15.
cxd4 Qxb5 16. d5 Bd7 17. Qg3 Kh8 18. f4 exf4 19. Rxf4 Qb3 20. Rf1 g5 21. Nf5
Bxf5 22. Rxf5 f6 23. Qf3 Rae8 24. Qe2 Re5 25. Rf2 c5 26. Rb1 Rfe8 27. Bd2 Qxd5
28. Bc3 R5e6 29. Rbf1 Qc6 30. Qh5 Kg7 31. Rf3 Qd7 32. Rh3 Kg8 33. Qxh6 Qg7 34.
Qh5 c4 35. dxc4 Rxe4 36. Rd1 g4 37. Qd5+ R8e6 38. Rg3 Qg6 39. h3 Kh8 40. Qxb7
Ng5 41. hxg4 Kg8 42. Qxb6 Rxc4 43. Qd8+ Kg7 44. a4 Qf7 45. a5 Ne4 46. Rh3 Re8
47. Qb6 Nxc3 48. bxc3 Rxg4 49. Qxd6 Re6 50. Qd3 Qg6 51. Qd7+ 1-0

[Event "Indonesia Open 2013"]
[Site "Jakarta INA"]
[Date "2013.10.11"]
[Round "2.19"]
[White "Gundavaa, Bayarsaikhan"]
[Black "Nakhbayeva, Guliskhan"]
[Result "1-0"]
[WhiteTitle "GM"]
[BlackTitle "WGM"]
[WhiteElo "2500"]
[BlackElo "2307"]
[WhiteFideId "4901045"]
[BlackFideId "13704788"]
[EventDate "2013.10.10"]

1. d4 Nf6 2. c4 e6 3. Nc3 Bb4 4. e3 O-O 5. Bd3 d5 6. Nf3 c5 7. O-O cxd4 8. exd4
dxc4 9. Bxc4 b6 10. Re1 Bb7 11. Bg5 Nbd7 12. Rc1 Rc8 13. Bd3 Re8 14. Bb1 Bxc3
15. bxc3 Qc7 16. c4 h6 17. Bxf6 Nxf6 18. Ne5 Red8 19. Qd3 Qd6 20. Rcd1 Ba6 21.
a3 Rc7 22. f4 Kf8 23. Ba2 Bc8 24. Qh3 Bd7 25. g4 Be8 26. g5 Ng8 27. Rf1 Qe7 28.
Qe3 g6 29. h4 h5 30. Rd3 b5 31. c5 Bc6 32. Rb1 Qe8 33. a4 a6 34. axb5 axb5 35.
Nxc6 Qxc6 36. Qe5 Ra7 37. Bb3 Rda8 38. Bd1 Ra1 39. Rdb3 R8a2 40. Be2 Rxb1+ 41.
Rxb1 f6 42. gxf6 Kf7 43. f5 Nxf6 44. fxg6+ Ke7 45. Rf1 1-0

[Event "Indonesia Open 2013"]
[Site "Jakarta INA"]
[Date "2013.10.11"]
[Round "2.20"]
[White "Sutarno"]
[Black "Laylo, Darwin"]
[Result "0-1"]
[BlackTitle "GM"]
[WhiteElo "2251"]
[BlackElo "2497"]
[WhiteFideId "7101139"]
[BlackFideId "5201330"]
[EventDate "2013.10.10"]

1. d4 Nf6 2. Nf3 g6 3. Bf4 Bg7 4. e3 O-O 5. h3 c5 6. c3 d6 7. Be2 cxd4 8. exd4
Nc6 9. O-O Nd5 10. Bh2 e5 11. dxe5 dxe5 12. Bc4 Nb6 13. Bb5 f6 14. Qe2 Qe7 15.
Na3 Be6 16. Nd2 g5 17. Kh1 Rac8 18. Rfe1 a6 19. Bxc6 Rxc6 20. Nc2 Rd8 21. Nb4
Rcc8 22. Nb3 Qf7 23. Nd2 a5 24. Nc2 Na4 25. Ne4 Nxb2 26. Qb5 Nc4 27. Red1 Bd5
28. f3 Bc6 29. Qc5 Bxe4 30. Rxd8+ Rxd8 31. fxe4 Bf8 32. Qa7 Rd3 33. Bg1 Rxc3 34.
Ne1 Nd2 35. Qxa5 Nxe4 36. Nf3 Ra3 37. Qb6 h5 38. Rc1 Rc3 39. Rb1 g4 40. Nh4 Qxa2
41. Rb2 Ng3+ 42. Kh2 Nf1+ 43. Kh1 Qd5 0-1

[Event "Indonesia Open 2013"]
[Site "Jakarta INA"]
[Date "2013.10.11"]
[Round "2.21"]
[White "Stefanova, Antoaneta"]
[Black "Mohamad, Ervan"]
[Result "1-0"]
[WhiteTitle "GM"]
[WhiteElo "2496"]
[BlackElo "2260"]
[WhiteFideId "2902257"]
[BlackFideId "7102135"]
[EventDate "2013.10.10"]

1. d4 d5 2. Bf4 Nf6 3. e3 c6 4. Bd3 Bg4 5. Ne2 e6 6. c4 Bb4+ 7. Nbc3 Bxe2 8.
Bxe2 dxc4 9. Bxc4 Nd5 10. Bxd5 exd5 11. Qb3 Qb6 12. O-O Be7 13. Qc2 O-O 14. Rfe1
Nd7 15. e4 Bb4 16. exd5 Bxc3 17. Qxc3 cxd5 18. Bc7 Qf6 19. Qb3 Rfc8 20. Qxb7
Qxd4 21. Rad1 Qc4 22. Re7 Qxc7 23. Qxd5 Qf4 24. g3 Qf6 25. Rxd7 h6 26. b4 Rab8
27. Rd4 g5 28. Rd6 Qe7 29. Rxh6 Rd8 30. Qf5 Kf8 31. Rh8+ Kg7 32. Qh7+ Kf6 33.
Qh6+ 1-0